logo

Bir Sreshtho Munshi Abdur Rouf Library
Jhenaidah Cadet College

নেলসন ম্যান্ডেলা / (Record no. 12764)

MARC details
000 -LEADER
fixed length control field 00732nam a2200241 a 4500
001 - CONTROL NUMBER
JCCL Control Number 12764
003 - CONTROL NUMBER IDENTIFIER
JCCL marc code BD-JhCC
005 - DATE AND TIME OF LATEST TRANSACTION
control field 20230510175243.0
008 - FIXED-LENGTH DATA ELEMENTS--GENERAL INFORMATION
fixed length control field 180313s20162018bg a|||| ||a| 000 0 ben d
020 ## - INTERNATIONAL STANDARD BOOK NUMBER
International Standard Book Number 9847012005293
035 ## - SYSTEM CONTROL NUMBER
system control number (BD-JhCC)12764
040 ## - CATALOGING SOURCE
Original cataloging agency BD-JhCC
Modifying agency BD-JhCC
041 ## - LANGUAGE CODE
Language code of Book bengali
082 ## - DEWEY DECIMAL CLASSIFICATION NUMBER
Classification number 923
Author mark and Year SAR 2018
100 ## - MAIN ENTRY--PERSONAL NAME
Personal name সরওয়ার,জাহেদ
245 ## - TITLE STATEMENT
Title নেলসন ম্যান্ডেলা /
Statement of responsibility, etc জাহেদ সরওয়ার।
260 ## - PUBLICATION, DISTRIBUTION, ETC. (IMPRINT)
Place of publication, distribution, etc ঢাকা :
Name of publisher, distributor, etc কথাপ্রকাশ;
Date of publication, distribution, etc ২০১৮.
300 ## - PHYSICAL DESCRIPTION
Pagination 95 p. :
Dimensions 21 cm.
490 ## - SERIES STATEMENT
Series statement জীবনী গ্রন্থমালা
651 ## - SUBJECT ADDED ENTRY--GEOGRAPHIC NAME
Geographic name biography.
942 ## - ADDED ENTRY ELEMENTS (KOHA)
Source of classification or shelving scheme Dewey Decimal Classification
Koha item type Books
Koha issues (borrowed), all copies 1
Holdings
Source of classification or shelving scheme Damaged status Not for loan Home library Current library Shelving location Date of accession Cost, normal purchase price Total Checkouts Full call number Barcode Date last seen Date checked out Copy number Method of acquisition Koha item type Currency
Dewey Decimal Classification     JCC Rouf Library JCC Rouf Library General Stacks 05/10/2023 72.00 2 923 SAR 2018 17631 01/31/2024 01/21/2024 C-1 Purchase Books BDT

JCC Library | Contacts | JCC Home

Last Update on 23 September 2017
Copyright @ 2017-2020 JCC Rouf Library
Rouf Library, Jhenidah Cadet College (JCC), Bangladesh